Log Cabin US Presidents - Statistics

General Stats
  • This quiz has been taken 33 times
  • The average score is 6 of 7
Answer Stats
Hint Answer % Correct
1809 Abraham Lincoln
100%
1822 Ulysses Grant
87%
1767 Andrew Jackson
81%
1800 Millard Fillmore
81%
1784 Zachary Taylor
81%
1791 James Buchanan
74%
1831 James Garfield
71%
No matching quizzes found
Score Distribution
Percent of People with Each Score
Percentile by Number Answered
Your Score History
You have not taken this quiz